[Event "Osijek-ch op"]
[Site "Osijek"]
[Date "2011.02.26"]
[Round "5"]
[White "Strekelj, Vlado"]
[Black "Jurilj, Zeljko"]
[Result "1-0"]
[WhiteElo "1843"]
[BlackElo "1830"]
[PlyCount "93"]
[EventDate "2011.02.24"]
[EventType "swiss"]
[EventRounds "7"]
[EventCountry "CRO"]
[SourceTitle "EXT 2012"]
[Source "ChessBase"]
[SourceDate "2011.11.24"]
[SourceVersion "1"]
[SourceVersionDate "2011.11.24"]
[SourceQuality "1"]

1. e4 c5 2. Nc3 g6 3. Nf3 Nc6 4. d4 cxd4 5. Nxd4 Nf6 6. Be2 Bg7 7. Be3 0-0 8. 0-0 d5 9. exd5 Nxd5 10. Nxd5 Qxd5 11. c3 Nxd4 12. Bxd4 Bxd4 13. Qxd4 Qxd4 14. cxd4 Rd8 15. Rfd1 h5 16. Bf3 Bg4 17. Bxg4 hxg4 18. Kf1 Rac8 19. Rd2 Rd5 20. Rad1 f5 21. g3 Kf7 22. Ke2 Rh8 23. Rh1 g5 24. f3 gxf3+ 25. Kxf3 e5 26. Rhd1 e4+ 27. Ke3 Rh3 28. Rc1 Rd7 29. Rc5 Kg6 30. Rf2 f4+ 31. Kxe4 fxg3 32. hxg3 Rxg3 33. Rd5 Rg4+ 34. Ke5 Re7+ 35. Kd6 Re8 36. Kc7 Re7+ 37. Kd6 Re8 38. Kc7 b6 39. Rd6+ Kh5 40. d5 Re7+ 41. Rd7 Rc4+ 42. Kd8 Re5 43. Rd2 Kg6 44. Re7 Kf6 45. d6 g4 46. Rxe5 Kxe5 47. Ke7 1-0

[Event "Osijek-ch op"]
[Site "Osijek"]
[Date "2011.02.24"]
[Round "1"]
[White "Radulovic, Bojan"]
[Black "Jurilj, Zeljko"]
[Result "1-0"]
[WhiteElo "2216"]
[BlackElo "1830"]
[PlyCount "69"]
[EventDate "2011.02.24"]
[EventType "swiss"]
[EventRounds "7"]
[EventCountry "CRO"]
[SourceTitle "EXT 2012"]
[Source "ChessBase"]
[SourceDate "2011.11.24"]
[SourceVersion "1"]
[SourceVersionDate "2011.11.24"]
[SourceQuality "1"]

1. e4 c5 2. Nf3 g6 3. d4 cxd4 4. Nxd4 Nc6 5. c4 Nf6 6. Nc3 Nxd4 7. Qxd4 Bg7 8. Qd3 0-0 9. Be2 d6 10. 0-0 a6 11. Rb1 Be6 12. b4 Nd7 13. f4 Nb6 14. Nd5 Rc8 15. Nxb6 Qxb6+ 16. Be3 Qc6 17. Rfc1 f5 18. Qd2 fxe4 19. c5 Qd5 20. Qxd5 Bxd5 21. Rc2 Bh6 22. Rd2 e6 23. g3 Rfd8 24. Bg4 dxc5 25. bxc5 Rc6 26. Rxb7 Rdc8 27. Rxd5 exd5 28. Bxc8 Rxc8 29. Rd7 Rb8 30. c6 Rb1+ 31. Kg2 Rb2+ 32. Kh3 Rc2 33. c7 Bf8 34. Bb6 Rc6 35. Rd8 1-0

[Event "Osijek op"]
[Site "Osijek"]
[Date "2010.01.31"]
[Round "9"]
[White "Vlaicevic, Marin"]
[Black "Jurilj, Zeljko"]
[Result "1-0"]
[WhiteElo "2000"]
[BlackElo "1780"]
[PlyCount "57"]
[EventDate "2010.01.23"]
[EventType "swiss"]
[EventRounds "9"]
[EventCountry "CRO"]
[SourceTitle "CBM 134 Extra"]
[Source "ChessBase"]
[SourceDate "2010.03.03"]
[SourceVersion "1"]
[SourceVersionDate "2010.03.03"]
[SourceQuality "1"]

1. Nf3 Nf6 2. g3 d5 3. Bg2 g6 4. 0-0 Bg7 5. d3 0-0 6. Nbd2 c5 7. c3 Nc6 8. e4 e6 9. Re1 h6 10. Qe2 Qb6 11. Nb3 c4 12. dxc4 dxc4 13. Qxc4 e5 14. Be3 Qd8 15. Rad1 Qe8 16. Bc5 Be6 17. Qf1 Ne7 18. Nxe5 Rc8 19. Nd3 Nd7 20. Bh3 Bxb3 21. Bxd7 Qxd7 22. axb3 Rfe8 23. Nb4 Qe6 24. Bxe7 Rxe7 25. Nd5 Ree8 26. Qb5 Red8 27. Qxb7 Rb8 28. Qe7 Qa6 29. Ra1 1-0

[Event "Osijek op"]
[Site "Osijek"]
[Date "2010.01.25"]
[Round "4"]
[White "Kroo, Ivica"]
[Black "Jurilj, Zeljko"]
[Result "0-1"]
[WhiteElo "1808"]
[BlackElo "1780"]
[PlyCount "60"]
[EventDate "2010.01.23"]
[EventType "swiss"]
[EventRounds "9"]
[EventCountry "CRO"]
[SourceTitle "CBM 134 Extra"]
[Source "ChessBase"]
[SourceDate "2010.03.03"]
[SourceVersion "1"]
[SourceVersionDate "2010.03.03"]
[SourceQuality "1"]

1. d4 Nf6 2. Nf3 e6 3. Bg5 g6 4. Nbd2 d6 5. e4 h6 6. Bh4 g5 7. Bg3 Nh5 8. Bd3 Bg7 9. Nb3 Nc6 10. c3 Bd7 11. Qe2 Qe7 12. Nfd2 Nxg3 13. hxg3 f5 14. 0-0-0 0-0-0 15. exf5 exf5 16. Qh5 a5 17. a3 Qf6 18. Qe2 Rde8 19. Qf1 a4 20. Na1 Nxd4 21. Nc2 Ne6 22. Nb4 Nc5 23. Bc4 c6 24. f4 b5 25. Be2 Re3 26. Nd3 Rhe8 27. fxg5 hxg5 28. Bh5 Nxd3+ 29. Kb1 R8e7 30. Kc2 Nxb2 0-1

[Event "Osijek OBZ Cup 2nd"]
[Site "Osijek"]
[Date "2009.03.14"]
[Round "3.4"]
[White "Gverieri, Zoran"]
[Black "Jurilj, Zeljko"]
[Result "1-0"]
[WhiteElo "1623"]
[BlackElo "1721"]
[PlyCount "53"]
[EventDate "2009.03.13"]
[EventType "team-tourn"]
[EventRounds "5"]
[EventCountry "CRO"]
[SourceTitle "EXT 2011"]
[Source "ChessBase"]
[SourceDate "2010.11.26"]
[SourceVersion "1"]
[SourceVersionDate "2010.11.26"]
[SourceQuality "1"]

1. d4 e6 2. c4 Nf6 3. Nc3 c5 4. d5 exd5 5. cxd5 d6 6. e4 g6 7. Be2 Bg7 8. Bg5 0-0 9. Qc1 Re8 10. f3 a6 11. a4 Nbd7 12. Nh3 Qc7 13. 0-0 Nf8 14. Nf2 Bd7 15. Qd2 Rab8 16. Rfc1 Qa5 17. Qf4 Qb6 18. Bxf6 h6 19. Bxg7 Kxg7 20. Rcb1 g5 21. Qd2 Ng6 22. g3 Re7 23. Kg2 Rf8 24. Bd3 f6 25. Qc2 Ne5 26. b3 h5 27. Be2 1-0

[Event "Osijek OBZ Cup 2nd"]
[Site "Osijek"]
[Date "2009.03.14"]
[Round "2.3"]
[White "Oberman, Hotimir"]
[Black "Jurilj, Zeljko"]
[Result "1-0"]
[WhiteElo "1933"]
[BlackElo "1721"]
[PlyCount "61"]
[EventDate "2009.03.13"]
[EventType "team-tourn"]
[EventRounds "5"]
[EventCountry "CRO"]
[SourceTitle "EXT 2011"]
[Source "ChessBase"]
[SourceDate "2010.11.26"]
[SourceVersion "1"]
[SourceVersionDate "2010.11.26"]
[SourceQuality "1"]

1. e4 d5 2. exd5 Qxd5 3. Nc3 Qa5 4. Bc4 Bf5 5. d3 e6 6. Bd2 c6 7. Nf3 Bd6 8. Ne4 Qc7 9. Nxd6+ Qxd6 10. Bc3 f6 11. Nd4 Ne7 12. g4 b5 13. Nxb5 cxb5 14. Bxb5+ Kf7 15. gxf5 exf5 16. Qh5+ g6 17. Bc4+ Nd5 18. Qf3 Re8+ 19. Kd2 Rd8 20. Bxd5+ Qxd5 21. Qxd5+ Rxd5 22. Rae1 Nc6 23. Re3 Ne5 24. Kc1 Re8 25. Rhe1 f4 26. Re4 Re7 27. Rxf4 f5 28. Rh4 h5 29. Rh3 f4 30. Rh4 f3 31. Rf4+ 1-0

[Event "Osijek op 3rd"]
[Site "Osijek"]
[Date "2007.12.16"]
[Round "9.11"]
[White "Jurilj, Zeljko"]
[Black "Vihovanec, Tomislav"]
[Result "0-1"]
[WhiteElo "1603"]
[BlackElo "2001"]
[PlyCount "95"]
[EventDate "2007.12.08"]
[EventType "swiss"]
[EventRounds "9"]
[EventCountry "CRO"]
[SourceTitle "CBM 121 Extra"]
[Source "ChessBase"]
[SourceDate "2008.01.10"]
[SourceVersion "1"]
[SourceVersionDate "2008.01.10"]
[SourceQuality "1"]

1. e4 c5 2. Nf3 e6 3. d4 cxd4 4. Nxd4 Nc6 5. Nc3 Nf6 6. Be2 Bb4 7. f3 d5 8. Nxc6 bxc6 9. e5 Nd7 10. f4 0-0 11. a3 Bxc3+ 12. bxc3 f6 13. c4 fxe5 14. cxd5 exd5 15. 0-0 e4 16. Rb1 Nf6 17. h3 Qa5 18. Bb2 Ba6 19. Kh1 Bxe2 20. Qxe2 Rab8 21. g4 Qb5 22. Qg2 Qc5 23. g5 Nh5 24. f5 Qe3 25. Be5 Rxb1 26. Rxb1 Rxf5 27. Rb8+ Rf8 28. Rxf8+ Kxf8 29. Kh2 g6 30. c3 a6 31. Qb2 Qxg5 32. Qb8+ Kf7 33. Qc7+ Qe7 34. Qb8 Nf6 35. Bd6 Qd7 36. Qf8+ Ke6 37. Bc5 e3 38. Kg2 e2 39. Kf2 Ne4+ 40. Kxe2 Nxc5 41. Qxc5 Qd6 42. Qb6 Qh2+ 43. Kd1 Qh1+ 44. Kc2 Qe4+ 45. Kb2 Qe2+ 46. Kc1 Qc4 47. Qe3+ Kf5 48. Qf2+ 0-1

[Event "Osijek op 3rd"]
[Site "Osijek"]
[Date "2007.12.13"]
[Round "6.14"]
[White "Petrovic, David"]
[Black "Jurilj, Zeljko"]
[Result "1/2-1/2"]
[WhiteElo "1600"]
[BlackElo "1603"]
[PlyCount "74"]
[EventDate "2007.12.08"]
[EventType "swiss"]
[EventRounds "9"]
[EventCountry "CRO"]
[SourceTitle "CBM 121 Extra"]
[Source "ChessBase"]
[SourceDate "2008.01.10"]
[SourceVersion "1"]
[SourceVersionDate "2008.01.10"]
[SourceQuality "1"]

1. e4 d5 2. exd5 Qxd5 3. Nc3 Qa5 4. d4 Nf6 5. Nf3 Bf5 6. Bd2 c6 7. Ne4 Qb6 8. Nxf6+ gxf6 9. Qc1 Be4 10. c3 Nd7 11. b4 e5 12. Be3 Qc7 13. Be2 Bd6 14. g3 Rg8 15. a4 f5 16. dxe5 Nxe5 17. Qd1 0-0-0 18. 0-0 Nxf3+ 19. Bxf3 Bxg3 20. Qe2 Bxh2+ 21. Kh1 Bd3 22. Qa2 Bxf1 23. Rxf1 Rd3 24. Qc4 Rgd8 25. Qh4 Be5 26. Qg5 Qd7 27. Kg2 Qe6 28. Kh1 Bxc3 29. b5 c5 30. Qg2 R8d7 31. Bxc5 Qh6+ 32. Kg1 b6 33. Be3 f4 34. Bg4 fxe3 35. Qa8+ Kc7 36. Qxa7+ Kc8 37. Qa8+ Kc7 1/2-1/2